| 000 | 00625nam a2200217 a 4500 | ||
|---|---|---|---|
| 005 | 20240925064457.0 | ||
| 008 | 140212s2013 mx r 000 0 spa d | ||
| 020 | _a9786071713759 | ||
| 035 | _aUPN01000195696 | ||
| 049 | _aCG | ||
| 050 | 4 |
_aHQ755.7 _bC3.8 |
|
| 100 | 1 |
_aCarrillo Fernández, Paulina _935117 |
|
| 245 | 1 | 0 |
_aTips educativos : _bayuda para padres y maestros / _cPaulina Carrillo Fernández. |
| 260 |
_aMéxico : _bTrillas, _c2013. |
||
| 300 |
_a87 p. : _bil. |
||
| 650 | 4 |
_aPadres e hijos _91360 |
|
| 650 | 4 |
_aEducación familiar _97274 |
|
| 650 | 4 | _aHOGAR Y ESCUELA | |
| 905 | _aLibro | ||
| 999 |
_c167797 _d167797 |
||